00494nam a2200169 a 4500001001300000003000900013005001700022008004100039020002300080082001700103100002000120245006200140260004900202300001000251500003500261650002800296nice12345678IN_TiNIC20260116015002.0140813s1987 lona grp 000 0 eng  a0835605973 c15000a294.344bKOR aKornfield, Jack aStill Forest Poolb The Insight Meditation of Achaan Chah aLondonbTheosophical Publishing House c1987 a192p  aincludes index and biblioraphy aBuddhism-Spiritual Life